Statistics for Chinese Paramount Leaders

Click here to take the quiz!

General Stats

  • This quiz has been taken 122 times
  • The average score is 5 of 6

Answer Stats

TermAnswer% Correct
1949-1976Mao Zedong
96%
2012-Xi Jinping
96%
1978-1992Deng Xiaoping
85%
2002-2012Hu Jintao
77%
1992-2002Jiang Zemin
66%
1976-1978Hua Guofeng
47%

Score Distribution

Percentile by Number Answered

Percent of People with Each Score

Your Score History

You have not taken this quiz